Foundations and applications of possibility theory : proceedings of FAPT '95 : Ghent, Belgium, 13-15 December 1995 (Record no. 7448)

000 -LEADER
fixed length control field 00770 a2200217 4500
020 ## - INTERNATIONAL STANDARD BOOK NUMBER
International Standard Book Number 9810222890
040 ## - CATALOGING SOURCE
Original cataloging agency DLC
Language of cataloging English
082 00 - DEWEY DECIMAL CLASSIFICATION NUMBER
Classification number 511.3
245 10 - TITLE STATEMENT
Title Foundations and applications of possibility theory : proceedings of FAPT '95 : Ghent, Belgium, 13-15 December 1995
Statement of responsibility, etc. editors, Gert de Cooman, Da Ruan, Etienne E. Kerre.
246 30 - VARYING FORM OF TITLE
Title proper/short title Proceedings of FAPT '95
246 30 - VARYING FORM OF TITLE
Title proper/short title Possibility theory
260 ## - PUBLICATION, DISTRIBUTION, ETC.
Place of publication, distribution, etc. Singapore ;
-- River Edge, NJ :
Name of publisher, distributor, etc. World Scientific,
Date of publication, distribution, etc. c1995.
300 ## - PHYSICAL DESCRIPTION
Extent xiii, 328 p. :
Other physical details ill. ;
Dimensions 23 cm.
440 #0 - SERIES STATEMENT/ADDED ENTRY--TITLE
Title Advances in fuzzy systems ;
Volume/sequential designation v. 8
650 #0 - SUBJECT ADDED ENTRY--TOPICAL TERM
Topical term or geographic name entry element Fuzzy sets
General subdivision Congresses.
650 #0 - SUBJECT ADDED ENTRY--TOPICAL TERM
Topical term or geographic name entry element Possibility
General subdivision Congresses.
700 1# - ADDED ENTRY--PERSONAL NAME
Personal name Cooman, Gert de.
700 1# - ADDED ENTRY--PERSONAL NAME
Personal name Ruan, Da.
700 1# - ADDED ENTRY--PERSONAL NAME
Personal name Kerre, Etienne E.
942 ## - ADDED ENTRY ELEMENTS (KOHA)
Koha item type Book
Call number prefix 511.3 COO
Source of classification or shelving scheme
Holdings
Withdrawn status Lost status Damaged status Not for loan Collection code Permanent Location Current Location Shelving location Date acquired Source of acquisition Total Checkouts Full call number Barcode Date last seen Price effective from Koha item type
          Central Library (CL) Central Library (CL) General Stacks 03/06/2003 Donated by Dr. Arshad Ali   511.3 COO SEECS003191 11/14/2012 01/05/2017 Book
© 2023 Central Library, National University of Sciences and Technology. All Rights Reserved.